A to Z: Argentina - Statistics

General Stats
  • This quiz has been taken 54 times
  • The average score is 15 of 26
Answer Stats
Letter Hint Answer % Correct
A What is the name of the mountain range that runs along the western border of Argentina and is known for its breathtaking scenery and outdoor recreational opportunities? Andes
96%
D _____ Maradona Diego
92%
F What is the word often associated with the stunning landscapes and natural phenomena found in the southern regions of Argentina, particularly in Tierra del _____? Fuego
92%
L ______ Messi Lionel
92%
E What is the name of the influential Argentine political figure and First Lady, known for her advocacy for labor rights and women's suffrage, who served alongside her husband, President Juan Domingo Perón? Evita
90%
G What term refers to the traditional cowboys of Argentina, known for their skills in cattle herding and horsemanship, and significant figures in Argentine folklore? Gauchos
88%
B What is the name of the Argentine soccer club based in Buenos Aires, known for its blue and yellow colors and its famous stadium, La Bombonera? Boca Juniors
77%
C What is the name of the second-largest city in Argentina, known for its colonial architecture and vibrant cultural scene? Córdoba
77%
T What is the name of the passionate dance and music genre that originated in the late 19th century in the working-class neighborhoods of Buenos Aires, Argentina? Tango
71%
S What is the official language of Argentina, widely spoken across the country and known for its distinct dialects, such as Rioplatense _________? Spanish
63%
H What term refers to large estates or ranches in Argentina, often associated with agricultural production and cattle ranching? Hacienda
60%
W What prestigious international soccer tournament has Argentina won three times, in 1978, 1986 and 2022? World Cup
60%
I What is the name of the prominent Argentine soccer club based in Avellaneda, known for its rich history and numerous titles in the Copa Libertadores? Independiente
58%
M Who is the Argentine politician and economist known for his libertarian views and for winning the presidency in the 2023 elections? Javier Milei
58%
R What is the name of the estuary formed by the confluence of the Paraná and Uruguay rivers, significant for trade and navigation in Argentina? Río de la Plata
58%
J What is the name of the Argentine province known for its stunning landscapes and the UNESCO World Heritage site, Quebrada de Humahuaca? Jujuy
56%
U What is the name of the southernmost city in the world, located in Argentina's Tierra del Fuego province and known for its stunning natural beauty? Ushuaia
54%
O What is the name of the iconic monument located in the Plaza de la República in Buenos Aires, which serves as a symbol of the city? Obelisco
46%
N What is the name of the Buenos Aires neighborhood that is home to the River Plate soccer club and its famous stadium, Estadio Monumental? Núñez
44%
Q What is the name of the popular Argentine beer brand, known for its pale lager and widely consumed throughout the country? Quilmes
44%
Y What is the name of Argentina's largest oil and gas company, involved in exploration, production, and distribution of fossil fuels? Yacimientos Petrolíferos Fiscales (YPF)
27%
Z What is the traditional Argentine folk dance and music genre characterized by its lively rhythm and often performed in couples, originating from the northern regions of Argentina? Zamba
27%
K What term describes a style of art or design in Argentina that is considered lowbrow or overly sentimental, often celebrated for its playful aesthetic? Kitsch
17%
V What is the name of the city in Córdoba Province, Argentina, known for its agricultural production and vibrant local culture? Villa María
15%
P Who is the Argentine professional soccer player known for his time with clubs like San Lorenzo and Impact de Montréal, where he earned a reputation as a skilled attacking midfielder? Ignacio Piatti
13%
X What is the term for the art of woodcut printmaking that has historical significance in Argentine art, often used to create prints and illustrations? Xylography
6%
No matching quizzes found
Score Distribution
Percent of People with Each Score
Percentile by Number Answered
Your Score History
You have not taken this quiz